| 000 | 00713nam a2200229Ii 4500 | ||
|---|---|---|---|
| 003 | JO-AjNU | ||
| 008 | 230605s9999||||xx |||||||||||||| ||und|| | ||
| 017 | _a2007/5/1448 | ||
| 020 | _a978-9957-02-289-1 | ||
| 040 |
_aJO-AjNU _bara _erda _cJO-AjNU |
||
| 041 | _aara | ||
| 050 | 1 | 4 | _aPJ7846.A112.H22 2007 |
| 100 | 3 |
_aتأليف مدانات،أوجيني ؛ راجعه ونقحه برزة كمال, _eauthor _924655 |
|
| 245 | 0 | 0 | _aحكاية شوق |
| 250 | _aط1 | ||
| 264 | 3 | 1 | _aعمان:دار مجدلاوي،2007 |
| 300 | _a138ص | ||
| 336 |
_atext _btxt _2rdacontent |
||
| 337 |
_aunmediated _bn _2rdamedia |
||
| 338 |
_avolume _bnc _2rdacarrier |
||
| 650 | 4 |
_aالأدب العربي - قصص _924656 |
|
| 999 |
_aA9114 _c12682 _d12682 |
||